Online
Catalog

La gráfica del día / (Record no. 39394)

MARC details
000 -CABECERA
campo de control de longitud fija 01470nam a2200241 a 4500
001 - NÚMERO DE CONTROL
campo de control 000039904
003 - IDENTIFICADOR DEL NÚMERO DE CONTROL
campo de control OSt
005 - FECHA Y HORA DE LA ÚLTIMA TRANSACCIÓN
campo de control 20240305095107.0
007 - CAMPO FIJO DE DESCRIPCIÓN FÍSICA--INFORMACIÓN GENERAL
campo de control de longitud fija ta
008 - DATOS DE LONGITUD FIJA--INFORMACIÓN GENERAL
campo de control de longitud fija 130729s1991 dr ad 000 0 spa d
040 ## - FUENTE DE LA CATALOGACIÓN
Centro catalogador/agencia de origen DO-SdBNP
Lengua de catalogación spa
Centro/agencia transcriptor BNPHU
082 ## - NÚMERO DE LA CLASIFICACIÓN DECIMAL DEWEY
Número de documento/Ítem G934g
100 1# - ENTRADA PRINCIPAL--NOMBRE DE PERSONA
Nombre de persona Guerrero, José Alfredo
9 (RLIN) 52123
245 03 - MENCIÓN DE TÍTULO
Título La gráfica del día /
Mención de responsabilidad, etc. José Alfredo Guerrero y Andrés Dauhajre.
260 ## - PUBLICACIÓN, DISTRIBUCIÓN, ETC.
Lugar de publicación, distribución, etc. Santo Domingo :
Nombre del editor, distribuidor, etc. Fundación Economía y Desarrollo,
Fecha de publicación, distribución, etc. 1991.
300 ## - DESCRIPCIÓN FÍSICA
Extensión xiv, 357 p. :
Otras características físicas il., gráf. ;
Dimensiones 21 cm.
490 ## - MENCIÓN DE SERIE
Mención de serie Fundación Economía y Desarrollo
Designación de volumen o secuencia 8
505 0# - NOTA DE CONTENIDO CON FORMATO
Nota de contenido con formato Agregados monetarios -- Agricultura -- Banca -- Capitalismo y privatización -- Comercio internacional -- Control de precios -- Deuda externa -- Diversos -- Economía internacional -- Educacion -- Emigración -- Energía -- Empresas estatales -- Estrategias desarrollo -- Finanzas públicas -- FMI Foresta -- Fuga de capitales -- Industria -- Inflación -- Ingresos fiscales y sistemas de tributación -- Inversión -- Inversión extranjera -- Microempresa -- Mineria -- Petroleo derivados -- PIB -- Población -- Salario y mercado laboral -- Salud y seguridad social -- Seguros -- Servicios públicos -- Socialismo y planificación -- Subsidios -- Tarjetas de credito -- Tasas y sistemas de cambio -- Turismo -- Zonas francas.
590 ## - NOTA LOCAL (RLIN)
Nota local Inventariado, 2021 /LP
700 1# - PUNTO DE ACCESO ADICIONAL--NOMBRE DE PERSONA
Nombre de persona Dauhajre, Andrés
9 (RLIN) 6000
830 #0 - PUNTO DE ACCESO ADICIONAL DE SERIE-TÍTULO UNIFORME
Título uniforme Fundación Economía y Desarrollo
9 (RLIN) 66108
Número de parte o sección de la obra 8
942 ## - ELEMENTOS DE PUNTO DE ACCESO ADICIONAL (KOHA)
Fuente del sistema de clasificación o colocación Dewey Decimal Classification
Tipo de ítem Koha Libro
Holdings
Estado de retiro Estado de pérdida Fuente del sistema de clasificación o colocación Restricciones de uso No para préstamo Código de colección Localización permanente Ubicación/localización actual Ubicación en estantería Fecha de adquisición Fuente de adquisición Total de préstamos Signatura topográfica completa Código de barras Fecha visto por última vez Precio válido a partir de Tipo de ítem Koha
    Dewey Decimal Classification Excluido de préstamo   Patrimonio Dominicano Biblioteca Nacional Pedro Henríquez Ureña Patrimonio Dominicano Depósito 29.07.2013 Familia Reyes Duluc.   39904-10 25.06.2020 25.06.2020 Libro y Folleto Colección Patrimonio Dominicano

Powered by Koha